00299nam a2200109Ia 4500008004100000020001500041100002700056245006000083250000700143260002900150300001000179211105s9999 xx 000 0 und d aVYASA14448 aGovinda Lama Anagarika 4aThe Psychological Attitude Of Early Buddhist Philosophy a\N bMotilal banarsidass c\N a192p.